| 000 | 00462nam a22001817a 4500 | ||
|---|---|---|---|
| 003 | CEME | ||
| 005 | 20210628204202.0 | ||
| 008 | 210120b xxu||||| |||| 00| 0 eng d | ||
| 020 | _a0-8031-0223-2 | ||
| 040 | _cceme | ||
| 082 | _a625.85 PLA | ||
| 100 |
_aWagner , F.T _969176 |
||
| 245 | _aPlacement and compaction of asphalt mixtures | ||
| 260 |
_aUSA _bASTM _c1986 |
||
| 300 | _a152P | ||
| 650 |
_aCOMPACTION OF ASPHALT MIXTURES _969177 |
||
| 942 |
_cBK _2ddc |
||
| 999 |
_c576557 _d576557 |
||